[Event "Madurai Athens of the East op-B U1600"]
[Site "Madurai"]
[Date "2023.12.28"]
[Round "4"]
[White "Ravi, Palsule"]
[Black "Prem, Anantha Rajan V"]
[Result "1-0"]
[WhiteElo "1490"]
[BlackElo "1355"]
[PlyCount "99"]
[EventDate "2023.12.27"]
[EventType "swiss"]
[EventRounds "9"]
[EventCountry "IND"]
[SourceTitle "CB02_2024"]
[SourceDate "2024.01.10"]
[SourceVersion "1"]
[SourceVersionDate "2024.01.10"]
[SourceQuality "1"]

1. e4 c5 2. Nf3 d6 3. d4 cxd4 4. Nxd4 Nf6 5. Nc3 g6 6. Be3 Bg7 7. f3 0-0 8. Qd2 Nc6 9. 0-0-0 d5 10. Kb1 Nxd4 11. e5 Nf5 12. exf6 Bxf6 13. Nxd5 Qxd5 14. Qxd5 Nxe3 15. Qd2 Nxd1 16. Qxd1 Bf5 17. Bd3 Rfd8 18. Qe2 Rd6 19. Bxf5 gxf5 20. Rd1 Rad8 21. Rd3 Rxd3 22. cxd3 e6 23. g4 Rd5 24. g5 Bd4 25. f4 a5 26. Qc2 Be3 27. Qc8+ Kg7 28. Qxb7 Bxf4 29. h4 Rxd3 30. Qe7 Be5 31. Qc5 Rd5 32. Qe3 a4 33. b4 axb3 34. axb3 f4 35. Qe4 Bd6 36. Kc2 Rf5 37. Qf3 Kg6 38. Kd1 Rd5+ 39. Ke2 Re5+ 40. Kf1 Re3 41. Qc6 Be5 42. b4 Kh5 43. b5 f3 44. Qc4 Bg3 45. Qc1 Bf4 46. Qc4 Kg4 47. b6 Kg3 48. b7 Be5 49. Qc5 Bf4 50. b8Q 1-0